000 00899cam a2200301 4500500
005 20260405003523.0
041 _afre
042 _adc
100 1 0 _aMichaud, Yves
_eauthor
245 0 0 _aYves Michaud : “L’empirisme de Hume est plus que jamais pertinent quand on considère le cours des affaires humaines”
260 _c2022.
500 _a62
690 _aCausalité
690 _aDavid Hume
690 _aDroit
690 _aEmpirisme
690 _aExpérience
690 _aHume
690 _aImagination
690 _aIntentionnalité
690 _aPassions
690 _aRaison
690 _aScience-fiction
690 _aSensations
690 _aYves Michaud
786 0 _nPhilosophie magazine | 160 | 6 | 2022-06-01 | p. 44-44 | 1951-1787
856 4 1 _uhttps://shs.cairn.info/magazine-philosophie-magazine-2022-6-page-44?lang=fr&redirect-ssocas=7080
999 _c2068310
_d2068310